To Build A Home - The Cinematic Orchestra Feat. Patrick Watson - All - Statistics

General Stats
  • This quiz has been taken 17 times
  • The average score is 110 of 171
Answer Stats
Answer % Correct
I
100%
a
92%
and
92%
And
92%
house
92%
is
92%
me
92%
me,
92%
the
92%
There
92%
at
83%
don't
83%
feel
83%
for
83%
home
83%
place
83%
where
83%
you,
83%
you
83%
alone
75%
built
75%
of
75%
out
75%
Out
75%
stone
75%
This
75%
in
67%
to
67%
Until
67%
all
58%
as
58%
floors,
58%
from
58%
it
58%
on
58%
we
58%
When
58%
by
50%
By
50%
down
50%
it's
50%
its
50%
old
50%
see
50%
sills
50%
tree
50%
window
50%
Wooden
50%
came
42%
chairs
42%
disappeared
42%
dust
42%
garden
42%
green
42%
now,
42%
planted
42%
Tables
42%
walls,
42%
were
42%
Branches
33%
color
33%
Ground
33%
had
33%
Held
33%
held
33%
onto
33%
seeds
33%
sewn
33%
skin,
33%
time
33%
world
33%
worn
33%
arose
25%
around
25%
blow
25%
climbed
25%
cracks
25%
gusts
25%
knees
25%
passed
25%
tightly
25%
top
25%
turn
25%
leave
17%
his
8%
No matching quizzes found
Score Distribution
Percent of People with Each Score
Percentile by Number Answered
Your Score History
You have not taken this quiz